• 首页
  • 本馆介绍
  • 公告通知
  • 最新文献
  • 馆藏检索
  • 电子资源
  • 读者导购
  • 参考咨询
  • 我的图书馆
  • 登录
  • 详细信息显示
  • 放入我的书架
  • 预约/预借图书
  • 作者相关作品
  • 分类相关作品
  • 丛书相关作品
  • 出版社相关作品

书目信息

  • 表格格式
  • 工作单格式
  • 卡片格式
题名:
太阳能的利用和前景
    
 
作者: 郭廷玮 编译
分册:  
出版信息: 北京   科学普及出版社  1984
页数: 240页
开本: 19cm
丛书名:
单 册:
中图分类: TK519
科图分类:
主题词: 太阳能--应用
电子资源:
ISBN:
000 00608nam0 2200229 45
001 0184016456
005 20060812170804.84
010    @dCNY0.75
091    @a13051.1389
100    @a19950525d1984 em y0chiy0121 ea
101 0  @achi
102    @aCN@b110000
105    @ay z 000yy
200 10 @a太阳能的利用和前景@Atai yang neng de li yong he qian jing@f郭廷玮等编译
210    @a北京@c科学普及出版社@d1984
215    @a240页@d19cm
606    @a太阳能@x应用
690    @aTK519@v3
701  0 @a郭廷玮@Aguo ting wei@4编译
801  2 @aCN@bNLC@c20060812
801  0 @aCN@bTSSF
905    @a10447@dTK519@e69
    
    太阳能的利用和前景/郭廷玮等编译.-北京:科学普及出版社,1984
    240页;19cm
    
    
    ISBN :CNY0.75
    
●
相关链接 在E读中查询图书 在五车中查询图书 在当当中查询图书 在豆瓣中查询图书


正题名:太阳能的利用和前景     索取号:TK519/69         预约/预借

序号 登录号 条形码 馆藏地/架位号 状态 备注
1 0452494   204524942   密集书库/ [索取号:TK519/69] 在馆    
唐山师范学院图书馆 欢迎您!
大连网信软件有限公司© 版权所有